00529nam a2200205 a 4500001001300000003000900013005001700022008004100039020000900080082001500089100002400104245005200128260003400180300000900214500003500223505001000258650001600268650001500284700002400299nice12345678IN_TiNIC20260116011321.0050524s1946 oxfa grp 000 0 eng  ac2500a231.7bROB aRobinson, H Wheeler aInspiration and Revelation in the Old Testament aOxfordbClarendon Pressc1946 a298p aincludes index and biblioraphy2 aIndex aInspiration aRevelation1 aRobinson, H Wheeler